| 000 | 00545nam a2200169Ia 4500 | ||
|---|---|---|---|
| 008 | 240729s9999 xx 000 0 und d | ||
| 022 | _a2577-445X | ||
| 245 | 0 | _aInternational Journal of Geoheritage and Parks | |
| 260 | _aChina | ||
| 260 | _bKeAi Communications Co., Ltd. | ||
| 650 | _a Environmental sciences | Geography. Anthropology. Recreation | ||
| 650 | _a Geography (General) | ||
| 650 | _aGeography. Anthropology. Recreation | ||
| 856 | _uhttps://doaj.org/toc/10bad2dcbbda4bcdbf9d988a7859e1e2 | ||
| 942 | _2ddc | ||
| 942 | _cDOAJEJ | ||
| 999 |
_c67650 _d67650 |
||
| 945 |
_a1 _bMadushi Gamage _c1 _dMadushi Gamage |
||